|
|
|
|
| LEADER |
00000nam0a2200000 4500 |
| 001 |
302694 |
| 005 |
20231102001529.0 |
| 035 |
|
|
|a (RuTPU)RU\TPU\book\327903
|
| 090 |
|
|
|a 302694
|
| 100 |
|
|
|a 20150826d1983 km y0rusy50 ca
|
| 101 |
0 |
|
|a rus
|
| 102 |
|
|
|a UA
|
| 105 |
|
|
|a y z 001zy
|
| 200 |
1 |
|
|a Ф. Энгельс и философские проблемы геологической науки
|f С. А. Мороз, В. И. Оноприенко
|
| 210 |
|
|
|a Киев
|c Вища школа
|d 1983
|
| 215 |
|
|
|a 183 с.
|
| 320 |
|
|
|a Библиография в ссылках.
|
| 600 |
|
1 |
|a Энгельс
|g Фридрих
|b Ф.
|c немецкий мыслитель и общественный деятель
|c один из основоположников марксизма
|f 1820-1895
|2 stltpush
|3 (RuTPU)RU\TPU\pers\530
|
| 606 |
1 |
|
|a Геология
|x Философские проблемы
|2 stltpush
|3 (RuTPU)RU\TPU\subj\6111
|9 34070
|
| 610 |
1 |
|
|a физические законы
|
| 610 |
1 |
|
|a движение
|
| 610 |
1 |
|
|a время
|
| 610 |
1 |
|
|a пространство
|
| 610 |
1 |
|
|a охрана окружающей среды
|
| 610 |
1 |
|
|a геологические науки
|
| 675 |
|
|
|a 55:1
|v 4
|
| 700 |
|
1 |
|a Мороз
|b С. А.
|g Сергей Амвросиевич
|
| 701 |
|
1 |
|a Оноприенко
|b В. И.
|g Валентин Иванович
|
| 801 |
|
1 |
|a RU
|b 63413507
|c 20150826
|
| 801 |
|
2 |
|a RU
|b 63413507
|c 20190408
|g RCR
|
| 942 |
|
|
|c BK
|